000 01321nam a2200289 i 4500
001 bg
111 2 _aKonferencja Naukowo-Techniczna Produkcja i Zarządzanie w Hutnictwie
_n(13 ;
_d2005 ;
_cSzczyrk).
245 1 0 _aProdukcja i zarządzanie w hutnictwie :
_bXIII Konferencja Naukowo-Techniczna, Szczyrk 29 czerwca - 2 lipca 2005 /
_c[red. nauk. Jan Mróz] ; Politechnika Częstochowska.
260 _aCzęstochowa :
_bWydaw. WIPMiFS PC,
_c2005.
300 _a455 s. :
_bil. ;
_c24 cm.
490 1 _aMateriały Konferencyjne Wydziału Inżynierii Procesowej, Materiałowej i Fizyki Stosowanej / Politechnika Częstochowska. Metalurgia ;
_vnr 49
500 _aTekst częśc., ros. Streszcz. ang. przy ref.
504 _aBibliogr. przy ref.
650 9 _aHutnictwo
_xorganizacja
_zPolska
_yod 1989 r.
650 9 _aHutnictwo
_xzarządzanie
_zPolska
_yod 1989 r.
650 9 _aMetalurgia
655 _aMateriały konferencyjne
700 1 _aMróz, Jan.
_eRed.
830 0 _aMateriały Konferencyjne Wydziału Inżynierii Procesowej, Materiałowej i Fizyki Stosowanej (Politechnika Częstochowska).
_pMetalurgia ;
_vnr 49
020 _a8387745030
040 _cBPK
041 0 _apolrus
_beng
080 _a669(438)"1989/..."(061)
920 _a83-87745-03-0
942 _cKS
008 s pl f |000 0 pol
999 _c51765
_d51765
856 _uhttp://koha.tu.koszalin.pl/cgi-bin/koha/opac-detail.pl?biblionumber=51765
_yKatalog online BPK